| 000 | 00575nam a2200193Ia 4500 | ||
|---|---|---|---|
| 999 |
_c5357 _d5357 |
||
| 020 | _a0-19-568014-6 | ||
| 082 | _a340.534 WTL-P | ||
| 100 | _aWilliams, Rina Verma | ||
| 245 | 0 | _aPostcolonial politics and personal laws: colonial legal legacies and the Indian state | |
| 260 |
_aNew Delhi _bOxford University Press _c2006 |
||
| 300 | _avi, 214 | ||
| 504 | _aincludes bibliography and index | ||
| 650 |
_aLaw _vHistory _zIndia |
||
| 650 |
_aLaw, Ancient _zIndia |
||
| 650 | _aLaw, Hindu | ||
| 650 | _aLaw, Islamic | ||
| 650 |
_aIndia _vPolitics and government |
||
| 942 | _cBK | ||